00652 2200241 4500001002100000005001700021008004100038020002200079035002400101040001200125041000800137082001100145090001700156100001900173245006200192250001000254260004200264300003300306504002600339650001100365990001700376990001700393YOGYA-0113000000169520130128154732.0 ind  a978-979-1616-19-1 0010-011300000001695 aYOPDYOG aInd a808.51 a808.51 Har P aHARIWIJAYA, M. aPamedhar sabda & pranatacara gagrak anyarcHARIWIJAYA, M. aCet.1 aYogyakartabQaraton Publishingc2008. a220 hlmbilusc19 cm (2 eks) aBibliografi: hlm. 217 aPidato a145-RBM/B.12 a146-RBM/B.12